LEADER 00476nab a2200157 i 4500 001 000000261397 003 CaOOAMICUS 005 20190625122832.0 008 050511n xx uu u0 0und r 013 $a2390 040 $aSeMil$bita 245 10$aFascicolo 827. 500 $aMARZO-APRILE 2005 (N. 827). 773 0 $t[2005 : fascicoli 826-831].$dMilano : Scuola Beato Angelico, copyr. 2005.$w()135364 996 $6245$aFascicolo 827$9(OLS)http://semarc/title/423957 LEADER 00967nam a2200181 i 4500 001 000000057180 003 CaOOAMICUS 005 19970926000000.0 008 970926n xx u000 u lat u 013 $a28352 040 $aSeMil$bita 100 1 $aTrütsch, Joseph.$0(OLS)http://semarc/name/22152 245 10$aSS. Trinitatis inhabitatio apud Theologos recentiores. Trento :$bTipografia Editrice Mutilati e Invalidi, 1949. ((Dissertatio ad Lauream in Facultate Theologica Pont. Universitatis Gregorianae. 650 4$aTesi di laurea.$0(OLS)http://semarc/subject/1690 650 4$aTrinitŕ.$0(OLS)http://semarc/subject/940 850 $aSeMil 852 $aSeMil$W1$xVenegono$y1$m2I V 192$j23334$B23334$CSeMilBibl$Z2$F23336 $81 996 $6245$aSS. Trinitatis inhabitatio apud Theologos recentiores. Trento :$bTipografia Editrice Mutilati e Invalidi, 1949. ((Dissertatio ad Lauream in Facultate Theologica Pont. Universitatis Gregorianae.$9(OLS)http://semarc/title/88951